Hodnotenie trofejí

Bibliographic Details
Main Author: Ciberej, Juraj, 1949- (Author)
Format: Article
Language:Slovak
PhysicalDescription:Fotogr.
ISSN:0231-8768
Subjects:

MARC

LEADER 00000nab a2200000 a 4500
001 vtls010183024
003 SK-MaSNL
005 20260304155442.0
008 250507c2010 xo ||||||||||||00 b|slo
015 |a SNBRB2010/10  |2 snkbucl 
035 |a (uuid)3188cf9b-e2ae-4dc0-b489-02e28868aa1b 
035 |a urn:nbn:sk:snk-abeuwn 
035 |a (urnnbn)urn:nbn:sk:snk:ar-0072q0 
038 |a SNKBUCL 
040 |a SNKBUCL  |b slo  |c SNKBUCL  |e AACR2 
041 0 |a slo 
044 |a xo  |c SK 
080 |a 639.18  |2 2001 
100 1 |a Ciberej, Juraj,  |d 1949-  |4 aut  |9 213876 
245 1 0 |a Hodnotenie trofejí  |c Juraj Ciberej 
300 |b Fotogr. 
650 0 7 |a poľovnícke trofeje  |2 snkbucl  |9 29369 
773 0 |t Poľovníctvo a rybárstvo  |g Roč. 62, č. 10 (2010), s. 29-31  |x 0231-8768 
850 |a Slovenská národná knižnica 
852 |a Slovenská národná knižnica 
954 |a odborná, vedecká literatúra pôvodná (slovenská)  |2 lita 
958 |a article27 
958 |a OND 
958 |a EUIPO 
999 |c 2962437  |d 2964367